| 000 | 00370 a2200157 4500 | ||
|---|---|---|---|
| 001 | 151781 | ||
| 040 | _cEscola São Tomás de Aquino | ||
| 100 | _aNESBIT, Edith. | ||
| 240 | 1 | 0 |
_aCinco crianças e um segredo _lpor |
| 245 | 1 | 0 | _aCinco crianças e um segredo |
| 300 | _a273 | ||
| 362 | 0 | _a2010 | |
| 440 | 1 | _aEditora 34 | |
| 697 | _a*LITERATURA JUVENIL | ||
| 942 | _cBK | ||
| 999 |
_c151781 _d151781 |
||